Automatic control systems

This book has a total of 188 illustrative examples. Some of these are simple, for the purpose of illustrating new ideas and subject matter. Some examples are quite elaborate, in order to bring the pratical World closer to you. Furthermore, the objective of this book is to present to complex subject...

Descrizione completa

Salvato in:
Dettagli Bibliografici
Autore principale: Kuo, Benjamin C.
Natura: Libro
Lingua:Undetermined
Pubblicazione: Englewood Cliffs Prentice-Hall 1995
Soggetti:
Tags: Aggiungi Tag
Nessun Tag, puoi essere il primo ad aggiungerne! !
Thư viện lưu trữ: Trung tâm Học liệu Trường Đại học Cần Thơ
LEADER 00823nam a2200193Ia 4500
001 CTU_27782
008 210402s9999 xx 000 0 und d
082 |a 629.8 
082 |b K96 
100 |a Kuo, Benjamin C. 
245 0 |a Automatic control systems 
245 0 |c Benjamin C Kuo 
260 |a Englewood Cliffs 
260 |b Prentice-Hall 
260 |c 1995 
520 |a This book has a total of 188 illustrative examples. Some of these are simple, for the purpose of illustrating new ideas and subject matter. Some examples are quite elaborate, in order to bring the pratical World closer to you. Furthermore, the objective of this book is to present to complex subject in a clear and thorough way. 
650 |a Automatic control 
904 |i Thom, Năm 
980 |a Trung tâm Học liệu Trường Đại học Cần Thơ